Cuentos y relatos norteamericanos : una antología general
Saved in:
| Other Authors: | |
|---|---|
| Format: | Book |
| Language: | Spanish English |
| Published: |
México :
Secretaría de Educación Pública,
1982.
|
| Edition: | 1a. ed. |
| Series: | Clásicos americanos. ;
25 |
| Subjects: |
MARC
| LEADER | 00000Cam#a2200000#a#4500 | ||
|---|---|---|---|
| 001 | 027743 | ||
| 003 | AR-BeUNQ | ||
| 005 | 20250217100224.0 | ||
| 008 | 150702s1982||||mx a ### #000|0#spa#d | ||
| 999 | |c 25120 |d 100507 | ||
| 020 | |a 9688004235 | ||
| 040 | |a AR-BeUNQ |b spa | ||
| 041 | 1 | |a pa |h eng | |
| 082 | 0 | 4 | |a 813 |2 21 |
| 245 | 0 | 0 | |a Cuentos y relatos norteamericanos : |b una antología general |c prólogo, selección, traducción y notas de Luis Miguel Aguilar. |
| 250 | |a 1a. ed. | ||
| 260 | |a México : |b Secretaría de Educación Pública, |c 1982. | ||
| 300 | |a ii, 383 p. : |b il. ; |c 21 cm. | ||
| 490 | 1 | |a Clásicos americanos ; | |
| 650 | 7 | |a Literatura (arte) |2 spines | |
| 650 | 7 | |a Literatura norteamericana |2 ttll | |
| 650 | 7 | |a Cuentos |2 ttll | |
| 700 | 1 | |a Aguilar, Luis Miguel, |e prologuista |4 aui | |
| 830 | 0 | |a Clásicos americanos. ; |v 25 | |
| 929 | |a DONACION |b Margarita Pierini |d 225,00 |e 20150206 |f PAT0056647 |g 2730 Exp. 827-0387/98 |j 53204 | ||
| 942 | |c LIB |n 0 | ||